LEADER 01141nas 2200361 450 001 990003483290203316 005 20110126143508.0 011 $a0003-9268 035 $a000348329 035 $aUSA01000348329 035 $a(ALEPH)000348329USA01 035 $a000348329 100 $a20110113a----9999km-y-itay50------ba 101 0 $ager 102 $aDE 110 $aahazz--|||| 200 1 $aArchiv fur mathematische logik und grundlagenforschung 210 $aStuttgart$cs.n. 300 $aComincia nel 1950 300 $aDescrizione basata su Vol.26, n.1(1986); 326 $aTrimestrale 440 1$10010033338$12001$aArchive for mathematical logic 606 0 $aLogica matematica$xPeriodici$2BNCF 676 $a511.305 801 0$aIT$bsalbc$gISBD 912 $a990003483290203316 958 $aSCI$bPER III$c1958-1972; 1974-1976; 1978; 1980-1986;$l1983; 959 $aSE 979 $aCIANATIEMP$b90$c20110113$lUSA01$h1702 979 $aCIANATIEMP$b90$c20110113$lUSA01$h1710 979 $aCIANATIEMP$b90$c20110126$lUSA01$h1435 996 $aArchiv für Mathematische Logik und Grundlagenforschung$9800366 997 $aUNISA LEADER 01051nam--2200361---450- 001 990002690890203316 005 20070131164913.0 010 $a88-359-3481-8 035 $a000269089 035 $aUSA01000269089 035 $a(ALEPH)000269089USA01 035 $a000269089 100 $a20051130d1991----km-y0itay0103----ba 101 0 $aita 102 $aIT 105 $ay|||z|||001yy 200 1 $aAmbiente naturale e apprendimento$fGiuseppe Rescigno 210 $aRoma$cEditori Riuniti$dstampa 1991 215 $a184 p.$d24 cm 225 2 $aPaideia 410 0$1001$aPaideia$12001 606 0 $aAmbiente naturale$xRicerche$xScuola dell'obbligo 676 $a372.357 700 1$aRESCIGNO,$bGiuseppe$09792 801 0$aIT$bsalbc$gISBD 912 $a990002690890203316 951 $aII.4. 3542(VI B 936)$b183323 L.M.$cVI B$d00181914 959 $aBK 969 $aUMA 979 $aCHIARA$b90$c20051130$lUSA01$h1324 979 $aCOPAT6$b90$c20070131$lUSA01$h1649 996 $aAmbiente naturale e apprendimento$9818843 997 $aUNISA